| 000 | 01081pam a2200253 a 4500 | ||
|---|---|---|---|
| 001 | 3998774 | ||
| 005 | 20050408181651.0 | ||
| 008 | 961125s1997 enka b 101 0 eng | ||
| 010 | _a 96029590 | ||
| 020 | _a1405108770 | ||
| 040 |
_aDLC _cDLC _dDLC |
||
| 082 | 0 | 0 |
_a341.2422 _221 _bURO |
| 245 | 0 | 4 |
_athe European Union : _cedited by Lee Miles. _bAnnual Review 2002 / 2003 / |
| 260 |
_aAldershot, England ; _aBrookfield USA : _bBlackwell Publishing, _cc.2003. |
||
| 300 |
_axiii, 219 p. : _bill. ; _c22 cm. |
||
| 504 | _aIncludes bibliographical references and index. | ||
| 610 | 2 | 0 | _aEuropean Union. |
| 650 | 0 | _aEuropean Free Trade Association countries. | |
| 651 | 0 |
_aEurope _xEconomic integration. |
|
| 700 | 1 |
_aRedmond, John, _d1953- |
|
| 942 |
_2ddc _cBB |
||
| 999 |
_c10790 _d10790 |
||